Cantons of The Federation of Bosnia and Herzegovina - Statistics

General Stats
  • This quiz has been taken 109 times
  • The average score is 5 of 10
Answers on the Map
Answers color-coded by a green-red scale on the quiz's map according to % correct below.
 
Answer Stats
Answer % Correct
★ Sarajevo ★
85%
Tuzla
67%
Una-Sana
56%
Posavina
52%
Central Bosnia
44%
West Herzegovina
43%
Herzeg-Bosnia
41%
Zenica-Doboj
41%
Herzegovina Neretva
35%
Bosnian-Podrinje Goražde
4%
No matching quizzes found
Score Distribution
Percent of People with Each Score
Percentile by Number Answered
Your Score History
You have not taken this quiz